Lincoln-Way East

Felix Sacks, Anila Moparthi, David Scott, Caleb Lee, Elise Froehlich, Dylan Latek


Current Events - World210.00100%0%0%
Fine Arts - Film110.00100%0%0%
Fine Arts - Miscellaneous210.00100%0%0%
Fine Arts - Music412.50100%25%0%
Fine Arts - Opera210.00100%0%0%
Fine Arts - Painting316.67100%33%33%
Fine Arts - Sculpture210.00100%0%0%
Geography - Europe120.00100%100%0%
Geography - World210.00100%0%0%
History - American316.67100%67%0%
History - Cross, Historiography, and Miscellaneous717.14100%43%29%
History - European915.56100%33%22%
History - World615.0083%50%17%
Literature - American714.2986%43%14%
Literature - British77.1457%14%0%
Literature - European412.50100%25%0%
Literature - World and Miscellaneous613.33100%33%0%
Other - Other Academic and General Knowledge412.50100%25%0%
RMP - Christian Practice110.00100%0%0%
RMP - Greco-Roman Mythology225.00100%100%50%
RMP - New Testament210.00100%0%0%
RMP - Other Religion215.00100%50%0%
RMP - Philosophy110.00100%0%0%
RMP - World Mythology520.00100%60%40%
Science - Astronomy313.33100%33%0%
Science - Biology78.5771%14%0%
Science - Chemistry615.00100%50%0%
Science - Computer Science210.00100%0%0%
Science - Earth36.6767%0%0%
Science - Engineering and Miscellaneous110.00100%0%0%
Science - Math110.00100%0%0%
Science - Physics711.43100%14%0%
Social Science - Economics313.33100%33%0%
Social Science - Other120.00100%100%0%
Social Science - Psychology110.00100%0%0%
Social Science - Sociology110.00100%0%0%